000 00192 a2200097 4500
020 _a9780061929380
041 _aeng
100 _aCrichton, michael
245 _aPirate latitudes
942 _cBK
999 _c11187
_d11187